00653nam a22001577a 450000500170000000800460001702000150006305000220007810000190010024500560011926001370017530000280031244000280034060000920036865000350046020250808091809.0250410b ec |||||||| |||| 00| 0 spa d a980292664704aF2235.3bA73 20001 aAray, Edmundo.10aSimón Rodríguez, ése soy yo c/ Edmundo Aray. aMérida, Venezuela : bFundación del Nuevo Cine Latinoamericano ; a [Quito, Ecuador] :bCinemateca Nacional del Ecuador, c2000. a113 paginas. ; c19 cm. aLetras y comunicación1 aRodríguez, Simón, d1769-1854. q[Simón Narciso de Jesús Carreño Rodríguez] 72lemb aDescripción y viajes